000 00515nam a2200169Ia 4500
008 240729s9999 xx 000 0 und d
022 _a2164-4527
245 0 _aInternational Journal of Adolescence and Youth
260 _aUnited Kingdom
260 _bTaylor & Francis Group
650 _a Special aspects of education | Social Sciences
650 _a The family. Marriage. Woman
650 _aEducation
856 _uhttps://doaj.org/toc/af5d8f0602714b6fb6ce56fb7257e3d9
942 _2ddc
942 _cDOAJEJ
999 _c69549
_d69549
945 _a1
_bMadushi Gamage
_c1
_dMadushi Gamage